Traité général des pesches, et histoire des poissons qu'elles fournissent (Record no. 153589)
[ view plain ]
| 000 -LEADER | |
|---|---|
| campo de control de longitud fija | 01459nam a2200277 i 4500 |
| 001 - NÚMERO DE CONTROL | |
| campo de control | 153589 |
| 003 - IDENTIFICADOR DE NÚMERO DE CONTROL | |
| campo de control | ES-MaACL |
| 005 - FECHA Y HORA DE LA ÚLTIMA TRANSACCIÓN | |
| campo de control | 20250816091140.0 |
| 008 - DATOS DE LONGITUD FIJA--INFORMACIÓN GENERAL | |
| campo de control de longitud fija | 031028s1769 fr f |||| | fre d |
| 100 1# - ENTRADA PRINCIPAL--NOMBRE DE PERSONA | |
| Nombre de persona | Duhamel Du Monceau, Henri-Louis. |
| 9 (RLIN) | 146391 |
| 245 10 - MENCIÓN DEL TÍTULO | |
| Título | Traité général des pesches, et histoire des poissons qu'elles fournissent |
| Resto del título | : tant pour la subsistance des hommes que pour plusieurs autres usages qui ont rapport aux arts et au commerce / |
| Mención de responsabilidad, etc. | par M. Duhamel du Monceau ... et M. de la Marre. |
| 260 ## - PUBLICACIÓN, DISTRIBUCIÓN, ETC. | |
| Lugar de publicación, distribución, etc. | A Paris : |
| Nombre del editor, distribuidor, etc. | chez Saillant & Nyon ... : |
| -- | chez Desaint ..., |
| Fecha de publicación, distribución, etc. | 1769 ( |
| Fabricante | de l'imprimerie de L.F. Delatour) |
| 300 ## - DESCRIPCIÓN FÍSICA | |
| Extensión | 5 v. ([2], 84, [2], 66, [2], 67-192, [2], 140 p., XXI, L, XV h. de grab.) ; |
| Dimensiones | Fol. |
| 490 1# - MENCIÓN DE SERIE | |
| Mención de serie | Descriptions des arts et métiers faites ou approuvées par Messieurs de l'Académie Royale des Sciences |
| 530 ## - NOTA DISPONIBLE DE FORMULARIO FÍSICO ADICIONAL | |
| Nota de formato físico adicional disponible | Disponible en formato digital. |
| 596 ## - NOTA AL PIE DE IMPRENTA | |
| NOTA AL PIE DE IMPRENTA | Datos de imp. constan en colofón de cada parte. |
| 597 ## - NOTA DE DESCRIPCIÓN FÍSICA | |
| NOTA DE DESCRIPCIÓN FÍSICA | Sign.: []2, A-X2, []1, A-Q2, R1, []1, S-3B2, []1, A-O2. |
| 597 ## - NOTA DE DESCRIPCIÓN FÍSICA | |
| NOTA DE DESCRIPCIÓN FÍSICA | Antep. |
| 597 ## - NOTA DE DESCRIPCIÓN FÍSICA | |
| NOTA DE DESCRIPCIÓN FÍSICA | Port. con grab. xil. |
| 599 ## - NOTA A LAS ILUSTRACIONES | |
| NOTA A LAS ILUSTRACIONES | Las h. de grab. son calc. |
| 650 #4 - PUNTO DE ACCESO ADICIONAL DE MATERIA--TÉRMINO DE MATERIA | |
| Término de materia o nombre geográfico como elemento de entrada | Pesca. |
| 9 (RLIN) | 136688 |
| 830 00 - PUNTO DE ACCESO ADICIONAL DE SERIE-TÍTULO UNIFORME | |
| Título uniforme | Descriptions des arts et métiers |
| 9 (RLIN) | 241750 |
| 852 ## - LOCALIZACIÓN | |
| Ubicación | ES-MaACL |
| Número de control de estantería | R-26-30 |
| Nota libre | - Enc. pasta |
| -- | - Las 140 p.,correspondientes a la 3ª sección, enc en la 2ª parte |
| Encuadernación | Olim: C-10827-70 |
| 856 ## - LOCALIZACIÓN Y ACCESO ELECTRÓNICOS | |
| Identificador Uniforme de Recursos | <a href="http://dx.doi.org/10.3931/e-rara-14948 ">http://dx.doi.org/10.3931/e-rara-14948 </a> |
| Nota pública | BNF-Gallica |
| Estatus retirado | Estado de pérdida | Estado de daño | No para préstamo | Colección | Biblioteca de origen | Biblioteca actual | Ubicación en estantería | Fecha de adquisición | Total de préstamos | Signatura topográfica completa | Código de barras | Visto por última vez | Precio de reemplazo | Tipo de ítem Koha |
|---|---|---|---|---|---|---|---|---|---|---|---|---|---|---|
| Colección digital | Biblioteca del Ateneo de Madrid | Biblioteca del Ateneo de Madrid | Depósito | 17/01/2008 | R-26-30 | 1160559 | 23/02/2023 | 23/02/2023 | Libro impreso antiguo |
